000
00312nam a22001217a 4500
008
180606b xxu||||| |||| 00| 0 eng d
041
_a
eng
080
_a
043.3
100
_a
0
101
_a
MBE-BTH
245
_a
Trajnimi dhe zhvillimi i Burimeve Njerëzore (Rast Studimi QTZH/PTK)
_c
Hasanaj,D
942
_2
udc
_c
BK
999
_c
46387
_d
46387